000 01155nam a2200229Ia 4500
999 _c36936
_d36936
001 2887
003 GE_BSU
005 20190506150927.0
008 181216s2002|||| |||||||||||||| ||geo||
020 _a9992882840
040 _cGE_BSU
041 _ageo
080 _a620.9(479.22+330+574) ჩ–79
100 _aჩომახიძე, დემურ
_9801
245 _aსაქართველოს ენერგეტიკული პოტენციალის გამოყენების ეკონომიკურ– ეკოლოგიური პრობლემები /
_cდემურ ჩომახიძე ; სამ. რედ : ნოდარ ჭითანავა
264 _aთბილისი . :
_bთერგი,
_c2002.
300 _a276 გვ ;
_c20 სმ.
520 _aრუს. და ინგ. ენაზე
653 _aსაქართველოს ენერგეტიკული რესურსები.
700 _aჭითანავა, ნოდარ
_eსამეცნიერო რედაქტორი
_9802
942 _cBK
_2udc